header

Women, universities, and change (Record no. 248713)

MARC details
000 -LEADER
fixed length control field 01939nam a2200445Ia 4500
082 04 - DEWEY DECIMAL CLASSIFICATION NUMBER
Classification number 378.1/982
245 00 - TITLE STATEMENT
Title Women, universities, and change
260 ## - PUBLICATION, DISTRIBUTION, ETC. (IMPRINT)
Place of publication New York :
Name of publisher Palgrave Macmillan,
Year of publication 2007.
300 ## - PHYSICAL DESCRIPTION
Number of Pages xvi, 228 p.
490 1# - SERIES STATEMENT
Series statement Issues in higher education
650 #0 - SUBJECT ADDED ENTRY--TOPICAL TERM
Topical Term Women
Topical Term Women
Topical Term Women college teachers
Topical Term Women college teachers
Topical Term Women college administrators
Topical Term Women college administrators
Topical Term Education, Higher
Topical Term Education, Higher
Topical Term Sex discrimination in higher education
Topical Term Sex discrimination in higher education
Topical Term Feminism and education.
700 1# - ADDED ENTRY--PERSONAL NAME
Personal name Sagaria, Mary Ann Danowitz.
856 40 - ELECTRONIC LOCATION AND ACCESS
Uniform Resource Identifier http://site.ebrary.com/lib/rucke/Doc?id=10171484

No items available.

© 2026 Rongo University
Contact us: librarian | system librarian | Rongo university